Motivaciones de la emigración venezolana reciente hacia Argentina: el caso de Santa Rosa-Toay, La Pampa, Argentina /

সংরক্ষণ করুন:
গ্রন্থ-পঞ্জীর বিবরন
প্রধান লেখক: Linares, María Dolores (Autora)
বিন্যাস: গ্রন্থ
ভাষা:Spanish
ট্যাগগুলো: ট্যাগ যুক্ত করুন
কোনো ট্যাগ নেই, প্রথমজন হিসাবে ট্যাগ করুন!

MARC

LEADER 00000nam a22000007a 4500
003 cru IIS
005 20220804093910.0
007 ta
008 220804s2020 cr |||p|r|||| 00| 0 spa d
040 |c cru IIS 
100 1 |9 10650  |a Linares, María Dolores  |e Autora 
245 1 |a Motivaciones de la emigración venezolana reciente hacia Argentina:  |b el caso de Santa Rosa-Toay, La Pampa, Argentina /  |c María Dolores Linares 
300 |a páginas 123-143:  |b tabla, gráficos 
773 0 |0 18728  |9 7625  |a Universidad de Costa Rica.   |d San José, Costa Rica Editorial UCR 1959-  |o 23634  |t Revista de Ciencias Sociales/  |x 04825276 
942 |2 ddc  |c PP 
999 |c 44460  |d 44460